Najmłodsze państwa świata - Statystyki

Ogólne statystyki
  • Ten quiz został rozwiązany 303 razy
  • Średni wynik to 6 z 10
Statystyki odpowiedzi
Istnieje od Państwo % Poprawnych
2008 Kosowo
93%
2011 Sudan Południowy
91%
2006 Czarnogóra
80%
2006 Serbia
78%
1993 Czechy
60%
1993 Słowacja
60%
1995 Chorwacja
59%
2002 Timor Wschodni
49%
1993 Erytrea
29%
1994 Palau
22%
Nie znaleziono quizów pasujących do podanych kryteriów
Rozkład punktacji
Procent ludzi z każdym wynikiem
Percentyl według liczby udzielonych odpowiedzi
Twoja historia wyników
Nie rozwiązałeś tego quizu